Szczegóły MARC21

Stücke /

003 -Nazwa inst., której nr kontr. jest w polu 001 [,]
    • @
    • Nazwa instytucji, której n kontrolny jest w polu 001
    • NUKAT
005 -DATA I CZAS OSTATNIEJ MODYFIKACJI [,]
    • @
    • pole kontrolne
    • 20241231110151.0
040 -Instytucja sporządzająca opis [ , ]
    • a
    • Instytucja, która sporządziła opis (NP)
    • WA U/70AO
    • c
    • Instytucja, która sporządziła rekord (NP)
    • WA U/AO
    • d
    • Instytucja, która zmodyfikowała rekord (P)
    • WA U/MST
    • d
    • Instytucja, która zmodyfikowała rekord (P)
    • WR O/KSs
942 -Rodzaj dokumentu [ , ]
    • c
    • Rodzaj dokumentu
    • Książka
100 -Hasło główne - nazwa osobowa [1, ]
    • a
    • Nazwa osobowa (NP)
    • Kaiser, Georg
    • d
    • Daty biograficzne (NP)
    • (1878-1945).
    • 9
    • KHW
    • 239243
245 -Strefa tytułu i oznaczenia odpowiedzialności [1,0]
    • a
    • Tytuł
    • Stücke / Find
    • c
    • Pozostałe elementy strefy tytułu i oznaczenia odpowiedzialności (NP)
    • Georg Kaiser ; Auswahl und Nachwort von Manfred Wolter.
260 -Strefa adresu wydawniczego [ , ]
    • a
    • Miejsce wydania (P)
    • Berlin :
    • b
    • Nazwa wydawcy (P)
    • Henschelverlag.,
    • c
    • Data wydania (P)
    • 1972.
300 -Strefa opisu fizycznego [ , ]
    • a
    • Określenie formy książki i/lub objętość (NP)
    • 589, [3] s. ;
    • c
    • Format (NP)
    • 22 cm.
336 -Typ zawartości [ , ]
    • a
    • Termin opisujący typ zawartości
    • Tekst
    • b
    • Kod określający zawartość
    • txt
    • 2
    • Źródło (terminu i kodu)
    • rdacontent
337 -Typ mediów [ , ]
    • a
    • Tryb odtwarzania
    • Bez urządzenia pośredniczącego
    • b
    • Kod typu mediów
    • n
    • 2
    • Źródło (terminu i kodu)
    • rdamedia
338 -Typ/rodzaj nośnika [ , ]
    • a
    • Hasło opisujące typ nośnika
    • Wolumin
    • b
    • Kod typu nośnika
    • nc
    • 2
    • Źródło (terminu i kodu)
    • rdacarrier
504 -Uwaga dot. bibliogr. załącznikowej [ , ]
    • a
    • Uwaga dot. bibliografii załącznikowej
    • Stückverzeichnis s. 581-589.
505 -Uwaga dot. zawartości książki [0, ]
    • a
    • Uwaga dot. zawartości książki
    • Von morgens bis mitternachts ; Die Bürger von Calais ; Gas ; Gas. Zweiter Teil ; Nebeneinander ; Kolportage ; Die Lederköpfe ; Napoleon in New Orleans ; Der Soldat Tanaka ; Die Spieldose.
080 -Uniwersalna Klasyfikacja Dziesiętna [ , ]
    • a
    • Symbol klasyfikacji
    • 830-2=30
600 -Hasło przedmiotowe w formie nazwy osobowej [1,7]
    • a
    • Nazwa osobowa
    • Kaiser, Georg
    • d
    • Daty związane z nazwą
    • (1878-1945)
    • v
    • Określnik formalny
    • bibliografia.
    • 2
    • Źródło terminu
    • kaba
    • 9
    • KHW
    • 634434
655 -Hasło w funkcji tematu formalnego [ ,7]
    • a
    • Hasło
    • Dramat niemiecki
    • y
    • Określnik chronologiczny
    • 1900-1945.
    • 2
    • Źródło terminu
    • kaba
    • 9
    • KHW
    • 402016
980 -Symbol UKD [ , ]
    • a
    • UKD
    • 830-2=30
700 -Hasło dodatkowe - nazwa osobowa [1,2]
    • a
    • Nazwa osobowa (NP)
    • Kaiser, Georg Find
    • d
    • Daty biograficzne (NP)
    • (1878-1945).
    • t
    • Tytuł ujednolicony/tytuł (NP)
    • Von morgens bis mitternachts Find
    • l
    • Język tekstu (NP)
    • (niem.)
    • 9
    • KHW
    • 483675
700 -Hasło dodatkowe - nazwa osobowa [1,2]
    • a
    • Nazwa osobowa (NP)
    • Kaiser, Georg Find
    • d
    • Daty biograficzne (NP)
    • (1878-1945).
    • t
    • Tytuł ujednolicony/tytuł (NP)
    • Bürger von Calais Find
    • l
    • Język tekstu (NP)
    • (niem.)
    • 9
    • KHW
    • 483722
700 -Hasło dodatkowe - nazwa osobowa [1,2]
    • a
    • Nazwa osobowa (NP)
    • Kaiser, Georg Find
    • d
    • Daty biograficzne (NP)
    • (1878-1945).
    • t
    • Tytuł ujednolicony/tytuł (NP)
    • Gas I Find
    • l
    • Język tekstu (NP)
    • (niem.)
    • 9
    • KHW
    • 591811
700 -Hasło dodatkowe - nazwa osobowa [1,2]
    • a
    • Nazwa osobowa (NP)
    • Kaiser, Georg Find
    • d
    • Daty biograficzne (NP)
    • (1878-1945).
    • t
    • Tytuł ujednolicony/tytuł (NP)
    • Gas II Find
    • l
    • Język tekstu (NP)
    • (niem.)
    • 9
    • KHW
    • 634328
700 -Hasło dodatkowe - nazwa osobowa [1,2]
    • a
    • Nazwa osobowa (NP)
    • Kaiser, Georg Find
    • d
    • Daty biograficzne (NP)
    • (1878-1945).
    • t
    • Tytuł ujednolicony/tytuł (NP)
    • Nebeneinander Find
    • l
    • Język tekstu (NP)
    • (niem.)
    • 9
    • KHW
    • 634329
700 -Hasło dodatkowe - nazwa osobowa [1,2]
    • a
    • Nazwa osobowa (NP)
    • Kaiser, Georg Find
    • d
    • Daty biograficzne (NP)
    • (1878-1945).
    • t
    • Tytuł ujednolicony/tytuł (NP)
    • Kolportage Find
    • l
    • Język tekstu (NP)
    • (niem.)
    • 9
    • KHW
    • 634330
700 -Hasło dodatkowe - nazwa osobowa [1,2]
    • a
    • Nazwa osobowa (NP)
    • Kaiser, Georg Find
    • d
    • Daty biograficzne (NP)
    • (1878-1945).
    • t
    • Tytuł ujednolicony/tytuł (NP)
    • Lederköpfe Find
    • l
    • Język tekstu (NP)
    • (niem.)
    • 9
    • KHW
    • 634331
700 -Hasło dodatkowe - nazwa osobowa [1,2]
    • a
    • Nazwa osobowa (NP)
    • Kaiser, Georg Find
    • d
    • Daty biograficzne (NP)
    • (1878-1945).
    • t
    • Tytuł ujednolicony/tytuł (NP)
    • Napoleon in New Orleans Find
    • l
    • Język tekstu (NP)
    • (niem.)
    • 9
    • KHW
    • 634332
700 -Hasło dodatkowe - nazwa osobowa [1,2]
    • a
    • Nazwa osobowa (NP)
    • Kaiser, Georg Find
    • d
    • Daty biograficzne (NP)
    • (1878-1945).
    • t
    • Tytuł ujednolicony/tytuł (NP)
    • Soldat Tanaka Find
    • l
    • Język tekstu (NP)
    • (niem.)
    • 9
    • KHW
    • 634333
700 -Hasło dodatkowe - nazwa osobowa [1,2]
    • a
    • Nazwa osobowa (NP)
    • Kaiser, Georg Find
    • d
    • Daty biograficzne (NP)
    • (1878-1945).
    • t
    • Tytuł ujednolicony/tytuł (NP)
    • Spieldose Find
    • l
    • Język tekstu (NP)
    • (niem.)
    • 9
    • KHW
    • 634334
700 -Hasło dodatkowe - nazwa osobowa [1, ]
    • a
    • Nazwa osobowa (NP)
    • Wolter, Manfred Find
    • d
    • Daty biograficzne (NP)
    • (1938-1999).
    • e
    • Określenie rodzaju współpracy
    • Posł.
    • 9
    • KHW
    • 491575
710 -Hasło dodatkowe - nazwa ciała zbiorowego [2, ]
    • a
    • Nazwa ciała zbiorowego lub nazwa geograficzna jako pierwszy element (NP)
    • Henschel Verlag.
    • 4
    • Kod relacji
    • pbl
    • 9
    • KHW
    • 78857
Numer inwentarzowy Status udost. Data inwentaryzacji Lokalizacja Sygnatura
G.470-32002-07-24BMGerm. Dramat niemiecki